| 000 | 00935nam a22002297a 4500 | ||
|---|---|---|---|
| 999 |
_c6336 _d6336 |
||
| 003 | AR-CdUCM | ||
| 008 | 190314b ||||| |||| 00| 0 spa d | ||
| 040 |
_aMUNICIPALIDAD PROVINCIAL DEL CUSCO _cBIBLIOTECA MUNICIPAL DEL CUSCO |
||
| 082 |
_a869.57 / _bP26 |
||
| 100 |
_aParedes Catunta, Henry _918099 |
||
| 245 | _aArco iris de Hipólito (canto al pueblo) / | ||
| 260 |
_aLima : _bEl poeta, _c2012. |
||
| 300 |
_a84 páginas ; _c20 cm. |
||
| 505 | _aContenido: Túpac Amaru es la libertad -- Romance caneño -- Mi peruanita carnavalera -- Copias caneñas -- Yaravi de Túpac Amaru y Micaela Bastidas -- Voz de Hipólito -- Oriflama de Túpac Amaru -- Oriflama de Micaela Bastidas ... | ||
| 650 |
_aPoemas a Túpac Amaru _918117 |
||
| 650 |
_aHipolito hijo de Túpac Amaru _918118 |
||
| 650 |
_aPoesía tinteña _918119 |
||
| 650 |
_aHistoria peruana _91316 |
||
| 650 |
_aEmancipación _9260 |
||
| 942 |
_2ddc _cLIBROS |
||
| 945 | _adavv | ||